Elektronický podpis - súčasť elektronických služieb
Výhody elektronického spracovávania dát oproti tradičným papierovo orientovaným modelom. Pojem elektronický podpis. Technologická stránka elektronického podpisu. Princípy bežnej komunikácie - šifrovanie. Kryptografia - veda o šifrovaní. Bezpečnosť súkromného kľúča. Zariadenia na zabezpečenie elektr...
Gespeichert in:
| 1. Verfasser: | |
|---|---|
| Weitere Verfasser: | |
| Format: | Buchkapitel |
| Sprache: | Slowakisch |
| Schlagworte: | |
| Tags: |
Keine Tags, Fügen Sie das erste Tag hinzu!
|
MARC
| LEADER | 00000naa$a2200000$$$4500 | ||
|---|---|---|---|
| 001 | 0042603 | ||
| 005 | 20240502071516.5 | ||
| 041 | 0 | |a slo | |
| 044 | |a SK | ||
| 245 | 1 | 0 | |a Elektronický podpis - súčasť elektronických služieb |c Magdaléna Cárachová, Anna Kvietková |
| 520 | |a Výhody elektronického spracovávania dát oproti tradičným papierovo orientovaným modelom. Pojem elektronický podpis. Technologická stránka elektronického podpisu. Princípy bežnej komunikácie - šifrovanie. Kryptografia - veda o šifrovaní. Bezpečnosť súkromného kľúča. Zariadenia na zabezpečenie elektronického podpisu. Certifikačná autorita a jej fungovanie. | ||
| 610 | 2 | 0 | |a podpis elektronický |
| 610 | 2 | 0 | |a služby digitálne |
| 610 | 2 | 0 | |a podnikanie elektronické |
| 610 | 2 | 0 | |a ochrana údajov osobných |
| 610 | 2 | 0 | |a certifikácia |
| 610 | 2 | 0 | |a komunikácia elektronická |
| 610 | 2 | 0 | |a technológie komunikačné |
| 100 | 1 | |a Cárachová, Magdaléna | |
| 700 | 1 | |a Kvietková, Anna | |